Оптимизация параметров плазменных теплоотражающих покрытий; Известия Томского политехнического университета [Известия ТПУ]; Т. 307, № 2
| Parent link: | Известия Томского политехнического университета [Известия ТПУ]/ Томский политехнический университет (ТПУ).— , 2000- Т. 307, № 2.— 2004.— [С. 29-33] |
|---|---|
| Автор: | |
| Інші автори: | , |
| Резюме: | Заглавие с титульного листа Электронная версия печатной публикации Описан процесс оптимизации оптических свойств плазменных теплоотражающих покрытий. Расчёт построен на использовании так называемого эволюционного метода, который состоит в целенаправленном переборе компонентов покрытия с последовательным приближением к глобальному экстремуму по законам биологического сообщества. Он позволяет существенно сократить трудоёмкость процесса оптимизации. Показано, что для достижения высоких коэффициентов пропускания теплоотражающих покрытий выгодно (для улучшения качества просветления) разделить один слой серебра на два с прослойкой просветляющих оксидных плёнок между ними. Это несколько усложняет технологию осаждения теплоотражающих покрытий, но улучшает их функциональные характеристики. Приведены данные по пропусканию и отражению рассмотренных покрытий. |
| Мова: | Російська |
| Опубліковано: |
2004
|
| Серія: | Естественные науки |
| Предмети: | |
| Онлайн доступ: | http://www.lib.tpu.ru/fulltext/v/Bulletin_TPU/2004/v307/i2/06.pdf |
| Формат: | Електронний ресурс Частина з книги |
| KOHA link: | https://koha.lib.tpu.ru/cgi-bin/koha/opac-detail.pl?biblionumber=168932 |
MARC
| LEADER | 00000nla2a2200000 4500 | ||
|---|---|---|---|
| 001 | 168932 | ||
| 005 | 20240212112807.0 | ||
| 035 | |a (RuTPU)RU\TPU\book\183263 | ||
| 035 | |a RU\TPU\book\183262 | ||
| 090 | |a 168932 | ||
| 100 | |a 20091105d2004 k y0rusy50 ca | ||
| 101 | 0 | |a rus | |
| 102 | |a RU | ||
| 135 | |a drnn ---uucaa | ||
| 181 | 0 | |a i | |
| 182 | 0 | |a b | |
| 200 | 1 | |a Оптимизация параметров плазменных теплоотражающих покрытий |f Д. Д. Баинов, В. П. Кривобоков, В. Н. Легостаев | |
| 203 | |a Текст |c электронный | ||
| 215 | |a 1 файл (450 Кб) | ||
| 225 | 1 | |a Естественные науки | |
| 300 | |a Заглавие с титульного листа | ||
| 300 | |a Электронная версия печатной публикации | ||
| 320 | |a [Библиогр.: с. 33 (8 назв.)] | ||
| 330 | |a Описан процесс оптимизации оптических свойств плазменных теплоотражающих покрытий. Расчёт построен на использовании так называемого эволюционного метода, который состоит в целенаправленном переборе компонентов покрытия с последовательным приближением к глобальному экстремуму по законам биологического сообщества. Он позволяет существенно сократить трудоёмкость процесса оптимизации. Показано, что для достижения высоких коэффициентов пропускания теплоотражающих покрытий выгодно (для улучшения качества просветления) разделить один слой серебра на два с прослойкой просветляющих оксидных плёнок между ними. Это несколько усложняет технологию осаждения теплоотражающих покрытий, но улучшает их функциональные характеристики. Приведены данные по пропусканию и отражению рассмотренных покрытий. | ||
| 337 | |a Adobe Reader | ||
| 461 | 1 | |0 (RuTPU)RU\TPU\book\176237 |t Известия Томского политехнического университета [Известия ТПУ] |f Томский политехнический университет (ТПУ) |d 2000- | |
| 463 | 1 | |0 (RuTPU)RU\TPU\book\183202 |t Т. 307, № 2 |v [С. 29-33] |d 2004 |p 213 с. | |
| 610 | 1 | |a оптимизация | |
| 610 | 1 | |a параметры | |
| 610 | 1 | |a плазменные теплоотражающие покрытия | |
| 610 | 1 | |a оптические свойства | |
| 610 | 1 | |a эволюционный метод | |
| 610 | 1 | |a компоненты | |
| 610 | 1 | |a глобальный экстремум | |
| 610 | 1 | |a законы биологического сообщества | |
| 610 | 1 | |a коэффициенты | |
| 610 | 1 | |a пропускание | |
| 610 | 1 | |a просветление | |
| 610 | 1 | |a слои | |
| 610 | 1 | |a серебро | |
| 610 | 1 | |a прослойки | |
| 610 | 1 | |a оксидные пленки | |
| 610 | 1 | |a технологии | |
| 610 | 1 | |a осаждение | |
| 610 | 1 | |a функциональные характеристики | |
| 610 | 1 | |a данные | |
| 610 | 1 | |a пропускание | |
| 610 | 1 | |a отражение | |
| 610 | 1 | |a труды учёных ТПУ | |
| 610 | 1 | |a электронный ресурс | |
| 700 | 1 | |a Баинов |b Д. Д. |c специалист в области плазменных технологий |c научный сотрудник Томского политехнического университета, кандидат технических наук |f 1978- |g Даши Дамбаевич |3 (RuTPU)RU\TPU\pers\31142 |9 15338 | |
| 701 | 1 | |a Кривобоков |b В. П. |c физик |c профессор Томского политехнического университета, доктор физико-математических наук |f 1948- |g Валерий Павлович |3 (RuTPU)RU\TPU\pers\21971 |9 9290 | |
| 701 | 1 | |a Легостаев |b В. Н. |c российский физик |c старший научный сотрудник Томского политехнического университета, кандидат технических наук |f 1947- |g Виктор Никифорович |3 (RuTPU)RU\TPU\pers\30671 | |
| 801 | 1 | |a RU |b 63413507 |c 20090623 |g PSBO | |
| 801 | 2 | |a RU |b 63413507 |c 20210601 |g PSBO | |
| 856 | 4 | |u http://www.lib.tpu.ru/fulltext/v/Bulletin_TPU/2004/v307/i2/06.pdf | |
| 942 | |c CF | ||